Contributions to estuarine biology [proceedings] (Record no. 16517)

MARC details
000 -LEADER
fixed length control field 00776nam a2200253 a 4500
001 - CONTROL NUMBER
control field adlib96000001
003 - CONTROL NUMBER IDENTIFIER
control field ViArRB
005 - DATE AND TIME OF LATEST TRANSACTION
control field 200902210153555.7
008 - FIXED-LENGTH DATA ELEMENTS--GENERAL INFORMATION
fixed length control field 960221s1955 dcuabcdjdbkoqu001 0deng d
020 ## - INTERNATIONAL STANDARD BOOK NUMBER
International Standard Book Number
022 ## - INTERNATIONAL STANDARD SERIAL NUMBER
International Standard Serial Number
040 ## - CATALOGING SOURCE
Original cataloging agency Adlib
082 ## - DEWEY DECIMAL CLASSIFICATION NUMBER
Classification number 57(282.6)
100 ## - MAIN ENTRY--PERSONAL NAME
Personal name Kurian, C V
Relator term d. by
245 ## - TITLE STATEMENT
Title Contributions to estuarine biology [proceedings]
250 ## - EDITION STATEMENT
Edition statement
260 ## - PUBLICATION, DISTRIBUTION, ETC. (IMPRINT)
Place of publication, distribution, etc Cochin University
Name of publisher, distributor, etc School of Marine Sciences
Date of publication, distribution, etc 1977
300 ## - PHYSICAL DESCRIPTION
Extent 1004p.
Dimensions
500 ## - GENERAL NOTE
General note Conference: All India Symposium on Estuarine Biology: 3rd: 1975: Cochin
653 ## - INDEX TERM--UNCONTROLLED
Uncontrolled term Biological sciences
-- estuarine biology
700 ## - ADDED ENTRY--PERSONAL NAME
Personal name
--
942 ## - ADDED ENTRY ELEMENTS (KOHA)
Koha item type Books
Holdings
Withdrawn status Lost status Damaged status Not for loan Home library Current library Date acquired Total Checkouts Full call number Barcode Date last seen Date checked out Price effective from Koha item type
        University Library University Library 16/06/2010 8 57(282.6) KUR G0001220 10/03/2018 23/02/2018 16/06/2010 Books
University Library, CUSAT